000 01206nam2a2200277 4500
001 rc\2898649
005 20110729110135.6
035 _a(NLR Aleph) 007050121
090 _a13590525
_c13590525
100 _a20110729d1928 |||y0rusy50 ca
101 0 _arus
102 _aRU
105 _ay z |||||
200 1 _aСтехнометрия и кинетика
_fПод ред. проф. А.И. Бродского
_gСоставил студент Горн. ин-та А. Брук
210 _d1928
215 _a[8], 190 с.
300 _aЛитогр. изд.
333 _aНа правах рукописи
461 0 _1001rc\2898648
_12001#$aФизическая химия$eЗаписки по лекциям, читанным проф. А.И. Бродским Хим.-техн. отд. Металлург. факультета Днепропетр. горн. ин-та в 1927-28 уч. году. Кн. 1-2$fДнепропетр. горн. ин-т им. т. Артема Сергеева$vКн. 1-я
702 1 _aБродский
_bА. И.
_4340
702 1 _aБрук
_bА.
_4220
801 0 _aRU
_bNLR
_gpsbo
801 1 _aRU
_bELAR
_2rusmarc
852 _aNLR
_j94/2022
942 _cBOOK
980 _aNB